Libertad en el exilio / (Record no. 8766)

MARC details
000 -LEADER
fixed length control field 01409nam a22002417a 4500
001 - CONTROL NUMBER
control field 8766
003 - CONTROL NUMBER IDENTIFIER
control field FISKH
005 - DATE AND TIME OF LATEST TRANSACTION
control field 20251020082321.0
008 - FIXED-LENGTH DATA ELEMENTS--GENERAL INFORMATION
fixed length control field 251020b cb ||||| |||| 00| 0 eng d
040 ## - CATALOGING SOURCE
Original cataloging agency FISKH
Language of cataloging eng
Transcribing agency FISKH
Modifying agency FISKH294.3923 LCC BQ5115.S63 B89
050 ## - LIBRARY OF CONGRESS CALL NUMBER
Classification number BQ5115.S63 B89
082 ## - DEWEY DECIMAL CLASSIFICATION NUMBER
Classification number 294.3923
100 ## - MAIN ENTRY--PERSONAL NAME
Personal name Lama, Dalai
245 ## - TITLE STATEMENT
Title Libertad en el exilio /
Statement of responsibility, etc. Autobiografia del Dalai Lama
250 ## - EDITION STATEMENT
Edition statement This edition published in 1991
260 ## - PUBLICATION, DISTRIBUTION, ETC.
Place of publication, distribution, etc. Mexico :
Name of publisher, distributor, etc. Editorial Diana,
Date of publication, distribution, etc. 1990
300 ## - PHYSICAL DESCRIPTION
Extent 381 pages :
Other physical details illustrations ;
Dimensions 21 cm
520 ## - SUMMARY, ETC.
Summary, etc. "Libertad en el exilio" is the autobiography of the 14th Dalai Lama, Tenzin Gyatso. In the book, he tells the story of his life—from being chosen as the spiritual leader of Tibet as a child, to fleeing into exile in 1959 after the Chinese invasion. Living in India, he works to preserve Tibetan culture and fight for his people's rights through peace and nonviolence. He criticizes the Chinese government's actions in Tibet but promotes compassion and dialogue. In 1989, he receives the Nobel Peace Prize for his efforts. The book highlights his values of peace, forgiveness, and the struggle for freedom.
650 ## - SUBJECT ADDED ENTRY--TOPICAL TERM
Topical term or geographic name entry element Hope and Resilience in Exile
Form subdivision Cultural Survival
General subdivision Compassion and Forgiveness
650 ## - SUBJECT ADDED ENTRY--TOPICAL TERM
Topical term or geographic name entry element Nonviolence and Peace
Form subdivision Human Rights and Freedom
General subdivision Spiritual Leadership
Chronological subdivision
942 ## - ADDED ENTRY ELEMENTS (KOHA)
Source of classification or shelving scheme Dewey Decimal Classification
Koha item type Books
Suppress in OPAC No
Holdings
Withdrawn status Lost status Source of classification or shelving scheme Damaged status Not for loan Collection Home library Current library Shelving location Date acquired Total Checkouts Full call number Barcode Date last seen Copy number Price effective from Koha item type
    Dewey Decimal Classification     Non-Fiction Footprints International School Library Network Toul Kork Campus Footprints International School Library Network Toul Kork Campus A TK Campus, 4th Floor, Room B401, Fiction Bookcases (1-6) 10/20/2025   DAL 294.3923 BQ5115.S63 B89 FISSE04438 10/20/2025 1 10/20/2025 Books